Information seeking in electronic environments /

Guardado en:
Detalles Bibliográficos
Autor principal: Marchionini, Gary (autor)
Formato: Libro
Idioma:Inglés
Publicado: Cambridge, Inglaterra : Cambridge University, 1998, c1995
Colección:(Cambridge Series on Computer-Human Interaction)
Temas:
Etiquetas: Agrega una etiqueta
Sin etiquetas, Sé el primero en etiquetar este registro!

MARC

LEADER 00000nam^a2200000^a^4500
001 000068685
005 20250521000000.0
009 20260310091339.159
020 |a 0-521-58674-7 
037 |a Acervo ITESO - Biblioteca 
041 |a ING 
082 |a 025. 04  |b MAR 
100 |a Marchionini, Gary  |e (autor) 
245 1 0 |a Information seeking in electronic environments /  |c G. Marchionini. 
264 4 |a Cambridge, Inglaterra :  |b Cambridge University,  |c 1998, c1995 
300 |a 224 p. 
336 |a texto  |b txt  |2 rdacontenido 
337 |a sin mediación  |b n  |2 rdamedio 
338 |a volumen  |b nc  |2 rdasoporte 
440 1 |a (Cambridge Series on Computer-Human Interaction) 
649 |a XX 
650 |a Interacción Hombre-Máquina 
650 |a Sistemas de Información 
650 |a Proceso Electrónico de Datos 
650 |a Sistemas Computacionales 
650 |a Sistemas de Información 
650 |a Ingeniería Computacional 
910 |a Fondo General 
920 |a Impresos - Libros 
930 |a Colección General 
905 |a 101 
901 |a 0500023895  |b IT1  |c ACC  |u 20250521 
902 |a https://opac.biblio.iteso.mx/vufind/Record/000068685